Chess 50 Highest Ratings - Statistics

General Stats
  • This quiz has been taken 40 times
  • The average score is 23 of 50
Answer Stats
Rating Answer % Correct
1 2882 Magnus Carlsen
97%
8 2817 Viswanathan Anand
97%
2 2851 Garry Kasparov
95%
3 2844 Fabiano Caruana
89%
22 2780 Anatoly Karpov
84%
21 2785 Bobby Fischer
84%
11 2816 Hikaru Nakamura
84%
17 2792 Ian Nepomniachtchi
84%
12 2816 Ding Liren
81%
13 2810 Alexander Grischuk
78%
5 2822 Wesley So
78%
7 2819 Maxime Vachier- Lagrave
76%
4 2830 Levon Aronian
73%
6 2820 Shakhriyar Mamedyarov
73%
10 2816 Veselin Topalov
73%
14 2804 Alireza Firouzja
70%
15 2798 Anish Giri
70%
9 2817 Vladimir Kramnik
70%
16 2793 Teymur Radjabov
68%
19 2788 Sergey Karjakin
65%
38 2760 Jan-Krzysztof Duda
59%
24 2776 Richard Rapport
57%
20 2787 Vassily Ivanchuck
49%
27 2768 Dominguez Perez
46%
23 2777 Boris Gelfand
38%
33 2763 Wang Hao
38%
43 2753 Wei Yi
38%
49 2743 Dmitry Andreikin
35%
25 2770 Pentala Harikrishna
35%
48 2749 Etienne Bacrot
30%
35 2761 Michael Adams
30%
30 2764 Ruslan Ponomariov
30%
18 2788 Alexander Morozevich
24%
26 2769 Peter Svidler
24%
42 2755 Alexei Shirov
22%
46 2751 Nikita Vitiugov
22%
31 2763 Peter Leko
22%
29 2765 Yu Yangyi
22%
39 2758 Evgeny Tomashevsky
19%
47 2750 Radoslaw Wojtaszek
19%
28 2765 Pavel Eljanov
16%
45 2751 David Navara
14%
32 2763 Gata Kamsky
14%
36 2761 Vladislav Artemiev
14%
41 2756 Wang Yue
14%
37 2760 Dmitry Jakovenko
8%
50 2739 Evgeny Bareev
8%
40 2758 Li Chao
8%
34 2761 Vugar Gashimov
5%
44 2751 Sergei Movsesian
3%
No matching quizzes found
Score Distribution
Percent of People with Each Score
Percentile by Number Answered
Your Score History
You have not taken this quiz